000 00490cam a2200193 4500
001 B1055
008 090401t1981 xxu||||| |||| 00| 0 eng d
035 _a(Sirsi) u42374
041 _aeng
050 _a333.33
110 _aChamberlain and Willows
_91913
245 _aAnnual report: the property market 1980
260 _aLondon
_bChamberlain and Willows
_c1981
300 _a7p. : ill. ; 24cm.
350 _a0
650 _aINDUSTRIAL PROPERTY
942 _n0
948 _c04/03/1997
999 _c91089
_d91089